Statystyki dla Mistrzowie Azji w Koszykówce

Kliknij tutaj aby rozwiązać quiz!

Ogólne statystyki

  • Ten quiz został rozwiązany 153 razy
  • Średni wynik to 25 z 29

Statystyki odpowiedzi

ROKZWYCIĘZCA% Poprawnych
1989Chiny
99%
2011Chiny
99%
2003Chiny
99%
2001Chiny
99%
1999Chiny
99%
1995Chiny
99%
1993Chiny
99%
1991Chiny
99%
1987Chiny
99%
1983Chiny
99%
1981Chiny
99%
1979Chiny
99%
1977Chiny
99%
1975Chiny
99%
2015Chiny
99%
2005Chiny
99%
1971Japonia
99%
1965Japonia
99%
1997Korea Południowa
91%
1969Korea Południowa
91%
2007Iran
83%
2009Iran
83%
2013Iran
83%
1960Filipiny
54%
1963Filipiny
54%
1985Filipiny
54%
1973Filipiny
54%
1967Filipiny
54%
2017Australia
51%

Rozkład punktacji

Percentyl według liczby udzielonych odpowiedzi

Procent ludzi z każdym wynikiem

Twoja historia wyników

Nie rozwiązałeś tego quizu